000 00694nam a2200217Ia 4500
003 GCL
008 140319s9999 xx 000 0 ara d
040 _aGCL /
_cGCL
082 0 4 _a915.68
_bى ج
100 1 _aيوسف عبدالمجيد فايد
245 1 0 _aجوانب من مناخ الاردن /
_cيوسف عبدالمجيد فايد
260 _a[S.N] :
_bجامعة بيروت العربية ،
_c1971
300 _a36 ص
490 _aجامعة بيروت العربية
_v0
650 0 4 _aالجغرافيا الطبيعية
650 0 4 _aالجغرافيا
650 0 4 _aالاردن
650 0 4 _aالمناخ
650 0 4 _aالظواهر الجوية
942 _2ddc
_cBK
999 _c36663
_d36663